=LDR 00000nam 2200000 4500 =001 INLIS000000000049238 =005 20200330014220 =035 ##$$a 0010-021700000000030 =008 200330################g##########0#ind## =020 ##$$a 978-602-317-006-7 =040 ##$$a NBPDMAT =082 ##$$a 297.51 =090 ##$$a 297.51 $bFad d =100 ##$$a Fadlan Al-Ikhwani =245 1#$$a Dahsyatnya 7 kebiasaan harian seorang Muslim : $b Kebiasaan-kebiasaan kecil yang mengantarkan sukses tanpa batas /$c Fadlan Al-Ikhwani; Penyunting, Erlina Z. Zachi =250 ##$$a Cet. 1 =260 ##$$a Solo :$b Ziyad Books,$c 2014 =300 ##$$a 290 hlm. : $b Ilus. ; $c 14 x 20 cm =650 #4$$a Akhlak =850 ##$$a NBPDMAT =084 ##$$a 297.51 FAD d =710 #$$a Erlin Z Zchi =520 ##$$a Bibliografi : hlm. 285 - 290 =990 ##$$a 21602856 =990 ##$$a 21602857 =990 ##$$a 21602858 =990 ##$$a 21602859 =990 ##$$a 21602860 =990 ##$$a 21706105 =990 ##$$a 21706104 =990 ##$$a 21706103 =990 ##$$a 21706102 =990 ##$$a 21706101